000 01207nam a22003137a 4500
001 10127
003 FISKH
005 20260428100820.0
008 260422b cb ||||| |||| 00| 0 eng d
020 _a9780462004754
040 _aFISKH
_beng
_cFISKH
_dFISKH
050 _aPZ7
082 _a823.92
100 _aSmith, Ben
_eAuthor
245 _aCarla crocodile goes to the market /
_cWritten by Ben Smith : Illustrated by Peter Campbell
250 _aFirst published 2008
260 _aLondon :
_bMarshall Cavendish Limited ,
_c2008.
300 _a16 pages :
_bcolor illustrations ;
_c16 X 19 cm
490 _aMy pals are here! Reading stars :
_v5d
505 _aG
520 _aCarla the crocodile goes to a market to buy food. As she walks around, she looks at different items and decides what she wants. She talks about things she likes (such as fruit) and asks where to find them. By the end, Carla enjoys her visit to the market and finds what she is looking for.
521 8 _a350
_bLexile estimate
521 8 _aG
_bRaz-Plus
650 _aMarket
_vShopping
650 _aFood
_vFruits
700 _aCampbell, Peter
_eIllustrator
942 _2ddc
_cBK
_n0
999 _c10127
_d10127